| Поле | Название | Значение |
| |
Тип записи |
l |
| |
Библиографический уровень |
m |
| 001 |
Контрольный номер |
RU/IS/BASE/416502523 |
| 005 |
Дата корректировки |
20260424145121.9 |
| 010 |
Индекс ISBN |
__ |
| a |
ISBN |
978-5-9677-1414-6 |
| d |
Цена |
283-79 |
| 101 |
Язык документа |
0_ |
| a |
Язык текста |
rus |
| 200 |
Заглавие и сведения об ответственности |
1_ |
| a |
Заглавие |
Санкт-Петербург - культурная столица нашей Родины |
| e |
Сведения, относящиеся к заглавию |
история, памятники, известные люди : [энциклопедия] |
| b |
Общее обозначение материала |
Электронный ресурс |
| 210 |
Выходные данные |
1_ |
| a |
Место издания |
М. |
| c |
Издательство |
1С-Паблишинг |
| c |
Издательство |
Издательство |
| d |
Дата издания |
2010 |
| 215 |
Физическое описание |
__ |
| a |
Объем |
1 электрон. опт. диск (Audio CD) |
| 225 |
Серия |
2_ |
| a |
Серия |
1С: Познавательная коллекция |
| 230 |
Специфическая характеристика материала: электронные ресурсы |
__ |
| a |
Обозначение и объем ресурса |
Электрон. дан. |
| 330 |
Аннотация |
__ |
| a |
Аннотация |
Санкт-Петербург, один из красивейших городов мира, по праву называют культурной столицей России. Предлагаемая энциклопедия рассказывает о самых значительных его достопримечательностях, о выдающихся архитектурных ансамблях, истории их создания, о знаменитых людях, связанных с Санкт-Петербургом. Текст сопровождают многочисленные иллюстрации. В отдельный раздел вынесены старинные карты и планы города. |
| 337 |
Примечание о системных требованиях (электронные ресурсы) |
__ |
| a |
Примечание о системных требованиях (электронные ресурсы) |
Систем. требования: 166 MHz ; 16 Mb RAM ; 4-x CD-ROM ; звуковая карта ; SVGA 800x600 ; Windows 98/ME/XP/2000 ; Pentium 100 |
| 606 |
Тематические рубрики |
__ |
| a |
Основная рубрика |
История |
| 606 |
Тематические рубрики |
__ |
| a |
Основная рубрика |
История России в целом |
| y |
Географическая подрубрика |
Санкт-Петербург; Россия; Ленинград |
| 610 |
Ключевые слова |
0_ |
| a |
Ключевые слова |
достопримечательности; история городов; города-герои; персоналии; историческая литература; памятники архитектуры; памятники истории; кремли; улицы; площади; дворцы; соборы; монастыри; храмы; картинные галереи; театры; музеи; городская архитектура; парки; дворцово-парковые ансамбли; дворцово-парковые комплексы; скульптурные композиции; художники; писатели; поэты; архитекторы; деятели искусства; деятели культуры |
| 686 |
Индексы других классификаций |
__ |
| a |
Классификационный индекс |
63.3(2-2Санкт-Петербург)я04; ст63.3(2-2Санкт-Петербург)я0 |
| 801 |
Источник записи |
_0 |
| a |
Страна |
RU |
| b |
Организация |
Муниципальное бюджетное учреждение культуры "Централизованная библиотечная система" г. Сургут (Центральная городская библиотека им. А. С. Пушкина) |
| g |
Правила каталогизации |
КиК/Котельникова |
| 801 |
Источник записи |
_1 |
| a |
Страна |
RU |
| b |
Организация |
Муниципальное бюджетное учреждение культуры "Централизованная библиотечная система" г. Сургут (Центральная городская библиотека им. А. С. Пушкина) |
| g |
Правила каталогизации |
КиК/Котельникова |
| 852 |
Данные о местонахождении |
__ |
| j |
Шифр хранения |
63.3(2-2Санкт-Петербург)я04 |
| i |
Авторский знак |
С 18 |
| 901 |
Тип документа |
__ |
| t |
Тип документа |
0 |
| 903 |
Характеристики (МАРС) |
__ |
| a |
Дата передачи |
20130313 |
| 969 |
Тип издания |
__ |
| a |
Тип издания |
электронная энциклопедия |
| 990 |
Данные о заказе (DOS) |
__ |
| j |
Количество экземпляров (DOS) |
7 |
| h |
N записи в КСУ для Б/У (DOS) |
201303 |